000 00740nam a2200289Ia 4500
005 20260324124629.0
008 008 260324s9999 xx 000 0 eng d
020 _a9781315614199
037 _aEBOOK
040 _aCRL
040 _beng
040 _cCRL
041 _2eng
041 _aeng
084 _qCRL
100 _aKeith Neilson; Greg Kennedy
_91174902
245 4 _aThe British Way in Warfare: Power and the International System, 1856–1956
245 0 _bEssays in Honour of David French
260 _bTaylor and Francis
260 _c2010
365 _a
365 _b240
856 _uhttp://www.taylorfrancis.com/books/9781315614199
942 _cEBOOK
999 _c1769434
_d1769434